Phân lập, khảo sát và nhận diện một số dòng Bacillus sp. từ sản phẩm nem Lai Vung : Báo cáo tổng kết đề tài khoa học và công nghệ cấp Trường
Phân lập, khảo sát và nhận diện một số dòng Bacillus sp. từ sản phẩm nem Lai Vung nhằm bổ sung nguồn giống vi sinh vật chế tạo các chế phẩm sinh học
Guardat en:
| Autor principal: | |
|---|---|
| Format: | Llibre |
| Idioma: | Undetermined |
| Publicat: |
Cần Thơ
Trường Đại học Cần Thơ
2011
|
| Matèries: | |
| Etiquetes: |
Afegir etiqueta
Sense etiquetes, Sigues el primer a etiquetar aquest registre!
|
| Thư viện lưu trữ: | Trung tâm Học liệu Trường Đại học Cần Thơ |
|---|
| LEADER | 01258nam a2200229Ia 4500 | ||
|---|---|---|---|
| 001 | CTU_203369 | ||
| 008 | 210402s9999 xx 000 0 und d | ||
| 082 | |a 660.63 | ||
| 082 | |b Th120 | ||
| 088 | |a TSV2010-33 | ||
| 100 | |a Nguyễn, Thị Hồng Thẩm | ||
| 245 | 0 | |a Phân lập, khảo sát và nhận diện một số dòng Bacillus sp. từ sản phẩm nem Lai Vung : | |
| 245 | 0 | |b Báo cáo tổng kết đề tài khoa học và công nghệ cấp Trường | |
| 245 | 0 | |c Nguyễn Thị Hồng Thẩm (Chủ nhiệm đề tài) ; Nguyễn Văn Thành (cán bộ hướng dẫn) ; Nguyễn Thị Mỹ Anh, Lâm Tiên Nga, Dương Linh (tham gia thực hiện) | |
| 260 | |a Cần Thơ | ||
| 260 | |b Trường Đại học Cần Thơ | ||
| 260 | |c 2011 | ||
| 520 | |a Phân lập, khảo sát và nhận diện một số dòng Bacillus sp. từ sản phẩm nem Lai Vung nhằm bổ sung nguồn giống vi sinh vật chế tạo các chế phẩm sinh học | ||
| 650 | |a Biochemical engineering,Kỹ thuật hóa sinh | ||
| 904 | |i Nguyên | ||
| 915 | |a CS | ||
| 980 | |a Trung tâm Học liệu Trường Đại học Cần Thơ | ||